000 00608nam a2200169 a 4500
008 120416s1988 ||||||||||||||||| || u
050 _aHD 6940.7 Lab
100 _aSouthall, Roger
245 1 0 _aLabour and unions in Asia and Africa
_cedited by Roger Southall
246 _acontemporary issues
260 _aLondon
_bMacmillan
_c1988
350 _a0.00
650 _aLABOUR
650 _aLABOUR UNIONS--AFRICA
650 _aLABOUR UNIONS--ASIA
995 _D0.00
_FCBU-MAIN LIBRARY (Kitwe)
_H1
_I32.45
_M1
_UAVAILABLE
_ZMain Library Open Access Collection
999 _c48732
_d48732